Guess the 1980s song lyrics #2 - Statistics

General Stats
  • This quiz has been taken 137 times
  • The average score is 63 of 200
Answer Stats
Answers % Correct
I
97%
a
92%
the
88%
the ...
88%
you
83%
and
77%
it
74%
be
73%
to
71%
in
70%
when
65%
is
63%
where
62%
so
61%
do
59%
no
58%
can
56%
of
55%
what
53%
that
49%
it's
47%
they
47%
all
44%
at
42%
from
41%
see
39%
say
36%
but
35%
too
35%
I've
33%
heart
32%
like
31%
I'd
25%
their
25%
New
23%
there's
22%
beat
21%
with
21%
back
20%
now
20%
believe
19%
everything
19%
L.A.
19%
rock
19%
roll
18%
things
18%
York
18%
live
17%
seen
17%
still
17%
beating
15%
else
15%
place
15%
real
15%
boy
14%
old
14%
something
14%
should
13%
'em
12%
may
12%
quarter
12%
three
12%
million
11%
music
11%
rather
11%
really
11%
same
11%
half
10%
Town
10%
hard
9%
play
9%
barely
8%
breathing
8%
girls
8%
lot
8%
Baton
7%
CIty
7%
everyone
7%
Liberty
7%
lights
7%
Rouge
7%
Boston
6%
rhythm
6%
San
6%
Strip
6%
Sunset
6%
ooh
5%
style
5%
D.C.
4%
drives
4%
Francisco
4%
Hollywood
4%
pretty
4%
wild
4%
Antone
3%
dressed
3%
everywhere
3%
kicks
3%
neon
3%
Oklahoma
3%
scantily
3%
Seattle
3%
flash
2%
modern
2%
Tulsa
2%
Austin
1%
bands
1%
styles
1%
No matching quizzes found
Score Distribution
Percent of People with Each Score
Percentile by Number Answered
Your Score History
You have not taken this quiz